000 00707nam a2200181 i 4500
001 78742
003 ES-MaACL
005 20230906173811.0
007 t|
008 041015s1948 sp ||||1| spa d
100 1 _aHall, A. D.
_961552
245 1 0 _aEstudio científico del suelo
_b: una introducción al estudio del crecimiento de las cosechas /
_cA.D. Hall ; nueva edición revisada por G.W. Robinson ; traducida del inglés por José García-Vicente.
260 _aMadrid :
_bM. Aguilar,
_c[1948] (
_fSelecciones Gráficas)
300 _aXXIII, 340 p., 2 lám. :
_bil. ;
_c22 cm.
700 1 _aRobinson, G. W.
_997887
700 1 _aGarcía Vicente, José.
_955398
852 _aES-MaACL
_jC-5655
_bR.26333
999 _c78742
_d78742